00654 a2200169 4500003000500000005001700005040000900022082001000031100003500041245008200076260003900158300001500197505021800212538002900430650001400459651001100473Nust20170207153154.0 cNust a005.8 aKhan, Mansoor Ahmed ( MSIS-5) aSecurity of 802.11i based wireless local area networkscMansoor Ahmed Khan  bMCS (NUST)cJune, 2008aRawalpindi axii, 78 p. aIntroduction (page-1) IEEE 802.11i security architecture (page-15) Attacks on availability and confidentiality (page-35) Proposed defense mechanisms (page-43) Implementation of proposed defense mechnisms (page-52) aAlmirah No 70 Shelf No 4 aPG Thesis aMSIS-5